banner-ar

الخطاب السياسى الصوفى فى مصر : (Record no. 63017)

MARC details
000 -الفاتح
حقل البيانات ثابتة الطول 01089nam a22002417a 4500
005 - وقت وتاريخ اخر تعامل مع التسجيلة
رقم الضبط 20240530110619.0
008 - عناصر البيانات ثابتة الطول - معلومات عامة
حقل البيانات ثابتة الطول 161204s2011 ua g b 001 0 ara d
017 ## - رقم الايداع القانونى
رقم الايداع القانونى 2011/5417
المصدر ( الهيئة المختصة) مصر . دار الكتب المصرية
020 ## - الرقم الدولى المعيارى للكتب
الرقم الدولى المعيارى للكتاب 9789771807933
040 ## - مصدر الفهرسة
وكالة الفهرسة الأصلية EG-CaGPL
082 04 - رقم تصنيف ديوى العشرى
رقم الطبعة 21
رقم التصنيف 260
رقم المادة ق/م خ
100 0# - المدخل الرئيسى - إسم شخصى
الإسم الشخصى محمد صبرى الدالى
245 12 - بيان العنوان
العنوان الخطاب السياسى الصوفى فى مصر :
بقية العنوان قراءة فى خطاب عبدالوهاب الشعرانى للسلطة والمجتمع /
بيان المسئوليه,etc محمد صبرى الدالى
260 ## - PUBLICATION, DISTRIBUTION, ETC. (IMPRINT)
تاريخ النشر أو التوزيع 2011.
300 ## - الوصف المادى
التعداد 347 ص. ؛
أبعاد الوعاء 24 سم.
490 0# - بيان السلسلة
عنوان السلسلة مصر النهضة ؛
رقم المجلد/ التعيين التسلسلي 55
504 ## - تبصرة ببليوجرافية
تبصرة ببليوجرافية,الخ ببليوجرافية : ص 333 - 341
600 07 - المدخل الاضافى بالموضوع-اسم شخصى
مصدر الرأس أو المصطلح qrmak
الإسم الشخصى الشعراني ، عبدالوهاب بن احمد بن علي الحنفي(1493-1565)
650 07 - المدخل الاضافى بالموضوع-مصطلح موضوعى
مصدر الرأس أو المصطلح qrmak
مصطلح موضوعي الطرق الصوفية
650 07 - المدخل الاضافى بالموضوع-مصطلح موضوعى
مصدر الرأس أو المصطلح qrmak
مصطلح موضوعي التصوف الاسلامى
942 ## - عناصر المدخل الإضافي( كوها)
مصدر التصنيف او مخطط الترفيف Dewey Decimal Classification
Koha [default] item type كتاب
260 ## - PUBLICATION, DISTRIBUTION, ETC. (IMPRINT)
-- القاهرة :
-- دار الكتب والوثائق القومية ،
Holdings
حالة التراجع حالة الفقد حالة تلف ليس للاعارة المكان المؤقت الموقع الحالى موقع الترفيف تاريخ الاكتساب اجمالي اﻻعارات رقم الطلب الباركود تاريخ اخر مشاهدة تاريخ تفعيل السعر نوع وعاء كوها
        مكتبة القاهرة الكبرى مكتبة القاهرة الكبرى   12/13/2016   260 ق/م خ 162962 12/13/2016 12/13/2016 كتاب

Powered By

EGPV